000
00324nam a2200133Ia 4500
005
20251222140028.0
008
251222s1900||||xx |||||||||||||| ||spa||
020
_a
2-911127-31-5
082
_a
109.044/S51
100
_a
Sichére, Bernard
245
0
_a
Cinquante Ans de Philosophie Française
264
_b
ADPF
942
_c
LIB
999
_c
2861
_d
2861